Missing Word: 'Gone' Songs Quiz Stats

 Plays Quiz Updated Mar 18, 2019

Score 0/18 Timer 03:00
0 Plays Today
Song Missing word % Correct
Where ____ All the Good Times Gone
The Kinks (1965)
Have
95.6%
Since ____ Been Gone
Kelly Clarkson (2004)
U
92.9%
Good Girl Gone ____
Rihanna (2007)
Bad
84.9%
____ That You're Gone
Sheryl Crow (2008)
Now
82.1%
Love Is ____ and Now You're Gone
The Supremes (1967)
Here
81.1%
____ Gone Wild
Madonna (2012)
Girl
79.8%
I'm Left, You're ____, She's Gone
Elvis Presley (1955)
Right
72%
Gone Too ____
Michael Jackson (1991)
Soon
66.4%
____ is Gone
David Guetta (2007)
Love
64.7%
Song Missing word % Correct
____ I'm Gone
Eminem (2005)
When
60.2%
____ Time Gone
Crosby, Stills & Nash (1969)
Long
59.2%
The ____ Is Gone
B. B. King (1969)
Thrill
45.4%
Ten ____ Gone
Led Zeppelin (1975)
Years
43.3%
____ and Gone
Motörhead (1998)
Dead
31.1%
Everyone's Gone To The ____
Jonathan King (1965)
Moon
30%
____ the Love Has Gone
Earth, Wind & Fire (1979)
After
27.5%
My ____ Was Gone
Pretenders (1984)
City
12.9%
____ Love...Gone Wrong
Sting (1999)
Perfect
3.4%

Today's Daily Dose

Missing Word
Sherlocks

Word Ladder
King of the Hill

Quick Pick
Songs in Pink

Get the Picture
NBA Teammates

You're not logged in!

Compare scores with friends on all Sporcle quizzes.
OR
Log In

Sporcle TV

Today on Sporcle TV


Watch our educational content, quiz creation guides, and fun videos on Sporcle TV.

Show Comments

Extras

Top Quizzes Today


Score Distribution

Your Account Isn't Verified!

In order to create a playlist on Sporcle, you need to verify the email address you used during registration. Go to your Sporcle Settings to finish the process.

Report this User

Report this user for behavior that violates our Community Guidelines.

Details: